01210nac a22002651u 4500010001600000020001500016082001600031090001500047100003400062245016600096260004800262300004300310440003500353500013000388500005900518500002700577504002900604511002800633650002400661650002600685710009600711942001800807999001500825952010400840 a 70093041 a026251006500a623.82bABK c6076d6076 aAbkowitz, Martin A., 10aStability and motion control of ocean vehicles;borganization, development, and initial notes of a course of instruction in the subjectc[by] Martin A. Abkowitz. aCambridge,bM.I.T. Press,c.[1969]cc.[1969] a1 v. (various pagings)billus.c28 cm. 0a[Ocean engineering series,v3] aPrepared under the auspices of the Dept. of Naval Architecture and Marine Engineering, Massachusetts Institute of Technology. a"National Science Foundation: Sea grant project GH-1." aDistributer: Al-Ahram. aIncludes bibliographies. aCatalogued By: Mahitab. 0aStability of ships. 0aShipsxHydrodynamics.2 aMassachusetts Institute of Technology.bDept. of Naval Architecture and Marine Engineering. cBBk623.82ABK c6076d6076 00104070aMAINbMAINc1STd2013-11-07ePurchasel0o623.82ABKp000007676r2025-07-15 00:00:00yBB